000 00703nam a2200253Ia 4500
003 OSt
005 20220912145654.0
006 a|||||r|||| 00| 0
007 ta
008 220909b |||||||| |||| 00| 0 eng d
024 _a73053
037 _cTextual
040 _aCSL
_beng
_cCSL
041 _aeng
082 _aD854:(G:55), M5
100 _aMaccracken Michael C Ed.
245 0 _aProjecting the climatic effects of increading carbon dioxide
260 _c1985
300 _ap.
_ccm.
650 _aCarbon dioxide
700 _a Luther Frederick M Ed.
942 _hD854:(G:55), M5
_cTEXL
_2CC
999 _c36131
_d36131